Les plus gros transferts du football - Défenseurs centraux - 2023-2024 - Statistiques

Statistiques générales
  • Ce quiz a été pris 63 fois
  • Le résultat moyen est 7 sur 10
Statistiques - réponses
Montant de transfert (M €) Nationalité Venant de Allant à Joueur % Correct
50,00 Corée du Sud Napoli Bayern Munich Min-jae Kim
97%
30,00 France Bayern Munich Inter Benjamin Pavard
93%
27,50 France / Espagne Manchester City Al-Nassr Aymeric Laporte
92%
45,00 France AS Monaco Chelsea Axel Disasi
85%
40,00 Pays-Bas Ajax Arsenal Jurrien Timber
80%
30,00 France Olympique Lyonnais RB Leipzig Castello Lukeba
75%
40,00 Pays-Bas VfL Wolfsburg Tottenham Micky van de Ven
74%
33,00 Espagne Villarreal CF Aston Villa Pau Torres
59%
30,00 Brésil AS Roma Al-Ahli Roger Ibañez
26%
26,85 Irlande Wolverhampton Brentford Nathan Collins
15%
Aucun quiz correspondant
Distribution des résultats
% des personnes avec chaque résultat
Percentile par nombre de réponses
Votre historique - résultats
Vous n’avez pas pris ce quiz